000 00272nam a2200121Ia 4500
008 190216s9999||||xx |||||||||||||| ||und||
100 _aRabindranath Tagore
245 0 _aChitroo
260 _bAtlantic Publishers
300 _a58
650 _aEnglish Drama
942 _cBK
999 _c11558
_d11558